000 00381nam a2200145 i 4500
001 50357
003 ES-MaACL
005 20230906162151.0
007 t|
008 030804s1971 sp ||||1| spa d
245 0 0 _aCuaderno de la poesía al deporte.
260 _aSevilla :
_b[s.n.],
_c1971 (
_fImp. Municipal)
300 _a92 p. ;
_c23 cm.
852 _aES-MaACL
_jC-44160
_bR.81179
999 _c50357
_d50357